Η γλώσσα των δημοσιευμένων μεσαιωνικών ελληνικών εγγράφων της Κάτω Ιταλίας κα της Σικελίας
Αποθηκεύτηκε σε:
| Κύριος συγγραφέας: | |
|---|---|
| Συγγραφή απο Οργανισμό/Αρχή: | |
| Μορφή: | Βιβλίο |
| Γλώσσα: | Greek |
| Δημοσίευση: |
Αθήνα :
Ακαδημία Αθηνών,
1994.
|
| Θέματα: | |
| Ετικέτες: |
Προσθήκη ετικέτας
Δεν υπάρχουν, Καταχωρήστε ετικέτα πρώτοι!
|
MARC
| LEADER | 00000cam a2200000 i 4500 | ||
|---|---|---|---|
| 001 | 1/512 | ||
| 008 | 000403s1994 gr | ||| |||| ||gre|| | ||
| 020 | |a 9607099176 | ||
| 035 | |l 10059687 | ||
| 040 | |a GR-MyUA |b gre |e AACR2 | ||
| 041 | 0 | |a gre | |
| 082 | 7 | |a 487 |2 (22) | |
| 100 | 1 | |a Μηνάς, Κωνσταντίνος, |d 1937- | |
| 245 | 1 | 2 | |a Η γλώσσα των δημοσιευμένων μεσαιωνικών ελληνικών εγγράφων της Κάτω Ιταλίας κα της Σικελίας / |c Κωνσταντίνου Μηνά. |
| 260 | |a Αθήνα : |b Ακαδημία Αθηνών, |c 1994. | ||
| 300 | |a 431 σ. : |b πιν. ; |c 24 εκ. | ||
| 504 | |a Περιέχει βιβλιογραφικές παραπομπές και ευρετήρια. | ||
| 650 | 0 | 0 | |a Greek language, Medieval and late |x Archival resources. |
| 650 | 0 | 0 | |a Greek language, Medieval and late |x Dialects |z Italy, Southern. |
| 650 | 0 | 0 | |a Greek language, Medieval and late |x Dialects |z Italy, Southern |x Dictionaries. |
| 650 | 0 | 0 | |a Greek language, Medieval and late |x Dialects |z Italy |z Sicily. |
| 710 | 2 | |a Ακαδημία Αθηνών. | |
| 852 | |a INST |b LESVOS |e 20000403 |h 487 ΜΗΝ |p 005100020469 |q 005100020469 |t BK |y 0 | ||
| 852 | |a INST |b RHODES |e 20001005 |h 487 ΜΗΝ |p 005400017575 |q 005400017575 |t BK |y 0 | ||
| 852 | |a INST |b SAMOS |e 20051128 |h 487.3 ΜΗΝ |p 005300024740 |q 005300024740 |t BK |y 0 | ||
| 901 | |a BIBL3-2005-3 | ||
| 901 | |a BIBL1-2000-1 | ||
| 901 | |a BIBL4-2000-3 | ||
| 922 | |a 4ΔΩΡ |b 200010 |c ΔΩΡΕΑ | ||
| 970 | |a ΚΑΜΑΤΣΟΥ |b ΔΕΣΠΟΙΝΑ |z 2000/04/03 | ||